000 00624nam a2200193 a 4500
001 BRCA_733
005 20190320203126.0
008 990503s1998 mx-a---##b---#000-0#spa-#
020 _a9706630457
040 _aDLC
_cDLC
050 4 _aF1386.3
_b.C59 1998
245 1 0 _aLa ciudad y sus lagos
_cTeodoro González de León ... [et al.].
260 _aMéxico
_bClío : Instituto de Cultura de la Ciudad de México
_c1998
300 _a87 p.
_bil. (algunas a color), mapas
_c27 cm.
504 _aBibliografía: p. 86
651 4 _aCiudad de México
_xHistoria
_9691
700 1 _aGonzález de León, Teodoro
_92416
942 _2lcc
_cB
999 _c633
_d633